Guess the Fusion Rock Song Lyrics #55 - Statistics

General Stats
  • This quiz has been taken 11 times
  • The average score is 149 of 203
Answer Stats
Answer % Correct
A
100%
a
100%
and
100%
be
100%
can
100%
I
100%
it's
100%
love
100%
me
100%
my
100%
that
100%
that's
100%
the
100%
The
100%
was
100%
we
100%
you
100%
You
100%
by
88%
just
88%
Just
88%
know
88%
will
88%
don't
75%
our
75%
see
75%
so
75%
to
75%
too
75%
always
63%
Always
63%
Baby
63%
between
63%
But
63%
gone
63%
not
63%
again
50%
are
50%
been
50%
seem
50%
share
50%
strong
50%
Time
50%
time
50%
April Wine
38%
day
38%
each
38%
find
38%
grows
38%
say
38%
stronger
38%
try
38%
way
38%
wrong
38%
help
25%
Lovers
25%
meant
25%
old
25%
same
25%
seemed
25%
sometimes
25%
astray
13%
blind
13%
Broken
13%
et
13%
hard
13%
hearts
13%
Hearts
13%
hurt
13%
Left
13%
mend
13%
often
13%
silence
13%
Someone's
13%
song
13%
unkind
13%
unsure
13%
Words
13%
entre
0%
Means
0%
moi
0%
Seulement
0%
toi
0%
No matching quizzes found
Score Distribution
Percent of People with Each Score
Percentile by Number Answered
Your Score History
You have not taken this quiz